المسلمون في الهند ;; al-Muslimūn fī al-Hind / (Record no. 78401)
[ view plain ]
| 000 -LEADER | |
|---|---|
| fixed length control field | 01013nam a2200277 a 4500 |
| 001 - CONTROL NUMBER | |
| control field | 78401 |
| 003 - CONTROL NUMBER IDENTIFIER | |
| rucl marc code | BD-RjUL |
| 005 - DATE AND TIME OF LATEST TRANSACTION | |
| control field | 20211209083127.0 |
| 008 - FIXED-LENGTH DATA ELEMENTS--GENERAL INFORMATION | |
| fixed length control field | 020522s19871407ii b 000 0 ara d |
| 035 ## - SYSTEM CONTROL NUMBER | |
| System control number | (CStRLIN)UWON02-B1856 |
| 040 ## - CATALOGING SOURCE | |
| Original cataloging agency | CGU |
| Transcribing agency | CGU |
| Modifying agency | CStRLIN |
| -- | CtY |
| -- | UkOxU |
| Language of cataloging | eng |
| 041 ## - LANGUAGE CODE | |
| Language code of text/sound track or separate title | ara |
| 043 ## - GEOGRAPHIC AREA CODE | |
| Geographic area code | a-ii--- |
| 066 ## - CHARACTER SETS PRESENT | |
| Alternate G0 or G1 character set | (3 |
| 082 ## - DEWEY DECIMAL CLASSIFICATION NUMBER | |
| Edition number | 23 |
| Classification number | 954.0088297 |
| Author mark and year | NAM 1987 |
| 100 1# - MAIN ENTRY--PERSONAL NAME | |
| Personal name | ندوي، أبو الحسن علي ;; .Nadvī, Abulḥasan ʿAlī, |
| Dates associated with a name | 1913-1999. |
| 9 (RLIN) | 248081 |
| 245 13 - TITLE STATEMENT | |
| Title | المسلمون في الهند ;; al-Muslimūn fī al-Hind / |
| Statement of responsibility, etc. | أبو الحسن علي الحسني الندوي. ;; Abū al-Ḥasan ʿAlī al-Ḥasanī al-Nadwī. |
| 250 ## - EDITION STATEMENT | |
| Edition statement | 2nd.ed. |
| 260 ## - PUBLICATION, DISTRIBUTION, ETC. (IMPRINT) | |
| Place of publication, distribution, etc. | Hind : |
| Name of publisher, distributor, etc. | المجمع الاسلامي العلمي |
| Date of publication, distribution, etc. | 1987 |
| 300 ## - PHYSICAL DESCRIPTION | |
| Pagination | 270 p. ; |
| Size | 22 cm. |
| 504 ## - BIBLIOGRAPHY, ETC. NOTE | |
| Bibliography, etc | Includes bibliographical references. |
| 650 #0 - SUBJECT ADDED ENTRY--TOPICAL TERM | |
| Topical term or geographic name as entry element | Muslims |
| Geographic subdivision | India. |
| Source of heading or term | History. |
| 9 (RLIN) | 248082 |
| Topical term or geographic name as entry element | India |
| Form subdivision | Civilization. |
| 9 (RLIN) | 248083 |
| Topical term or geographic name as entry element | India |
| Form subdivision | Ethnic relations. |
| 9 (RLIN) | 248084 |
| 942 ## - ADDED ENTRY ELEMENTS (KOHA) | |
| Source of classification or shelving scheme | Dewey Decimal Classification |
| Koha item type | Books |
| Lost status | Source of classification or shelving scheme | Damaged status | Not for loan | Collection code | Permanent Location | Current Location | Shelving location | Date acquired | Cost, normal purchase price | Total Checkouts | Full call number | Date last seen | Copy number | Koha item type |
|---|---|---|---|---|---|---|---|---|---|---|---|---|---|---|
| Dewey Decimal Classification | Not For Loan | Non-fiction | Central Library, University of Rajshahi | Central Library, University of Rajshahi | Reading Room | 29/04/1992 | 1.66 | A 954.0088297 NAM 1987 | 16/09/2021 | C-1 | Books |